<?xml version='1.0' encoding='UTF-8'?>
  <record xmlns="http://www.loc.gov/MARC21/slim">
    <leader>00000ctm a22000007i 4500</leader>
    <controlfield tag="001">ocn965406087</controlfield>
    <controlfield tag="003">OCoLC</controlfield>
    <controlfield tag="005">20241210043541.3</controlfield>
    <controlfield tag="008">101012q14001500xx            000 0 lat d</controlfield>
    <datafield tag="040" ind1=" " ind2=" ">
      <subfield code="a">QGJ</subfield>
      <subfield code="b">dut</subfield>
      <subfield code="c">QGJ</subfield>
    </datafield>
    <datafield tag="035" ind1=" " ind2=" ">
      <subfield code="a">(OCoLC)965406087</subfield>
    </datafield>
    <datafield tag="100" ind1="0" ind2=" ">
      <subfield code="a">Guilelmus de Lanicia.</subfield>
    </datafield>
    <datafield tag="245" ind1="1" ind2="0">
      <subfield code="a">Diaeta salutis et quaedam minora Bonaventurae adscripta.</subfield>
      <subfield code="f">UBU Hs. 169.</subfield>
    </datafield>
    <datafield tag="246" ind1="1" ind2=" ">
      <subfield code="a">Quidam breves sermones de tempore et communi sanctorum</subfield>
    </datafield>
    <datafield tag="246" ind1="1" ind2=" ">
      <subfield code="a">Devota contemplatio seu meditatio de nativitate Domini Nostri Jhesu Christi</subfield>
    </datafield>
    <datafield tag="246" ind1="1" ind2=" ">
      <subfield code="a">Tractatus de resurrectione a peccato ad gratiam admodum utilis ex dictis sancti Bonaventurae excerptis</subfield>
    </datafield>
    <datafield tag="260" ind1=" " ind2=" ">
      <subfield code="c">[ca. 1400-ca. 1500]</subfield>
    </datafield>
    <datafield tag="300" ind1=" " ind2=" ">
      <subfield code="a">185 fol. ;</subfield>
      <subfield code="c">256 x 130 (140 x 95) mm.</subfield>
    </datafield>
    <datafield tag="336" ind1=" " ind2=" ">
      <subfield code="a">text</subfield>
      <subfield code="b">txt</subfield>
      <subfield code="2">rdacontent</subfield>
    </datafield>
    <datafield tag="337" ind1=" " ind2=" ">
      <subfield code="a">unmediated</subfield>
      <subfield code="b">n</subfield>
      <subfield code="2">rdamedia</subfield>
    </datafield>
    <datafield tag="338" ind1=" " ind2=" ">
      <subfield code="a">volume</subfield>
      <subfield code="b">nc</subfield>
      <subfield code="2">rdacarrier</subfield>
    </datafield>
    <datafield tag="340" ind1=" " ind2=" ">
      <subfield code="a">perkament</subfield>
      <subfield code="k">littera hybrida.</subfield>
    </datafield>
    <datafield tag="500" ind1=" " ind2=" ">
      <subfield code="a">Bevat behalve Diaeta salutis (fol. 1r-145r) ook: Quidam breves sermones Bonaventurae de tempore et communi sanctorum (fol. 145v-160v), Prima tabula Diaetae salutis (fol. 161r-161v), Magna tabula Diaetae salutis (fol. 161v-177v), Devota contemplatio seu meditatio edita a beato Bonaventura de nativitate Domini Nostri Jhesu Christi (fol. 178r-179r), Tractatus de resurrectione a peccato ad gratiam admodum utilis ex dictis sancti Bonaventurae excerptis (fol. 179r-183v).</subfield>
    </datafield>
    <datafield tag="500" ind1=" " ind2=" ">
      <subfield code="a">Blanco: fol. 184-185.</subfield>
    </datafield>
    <datafield tag="500" ind1=" " ind2=" ">
      <subfield code="a">Diaeta salutis en de overige teksten ten onrechte toegeschreven aan Bonaventura.</subfield>
    </datafield>
    <datafield tag="500" ind1=" " ind2=" ">
      <subfield code="a">Auteur Diaeta salutis is Guilelmus de Lanicia.</subfield>
    </datafield>
    <datafield tag="524" ind1=" " ind2=" ">
      <subfield code="a">Te citeren als: Universiteitsbibliotheek Utrecht Hs. 169.</subfield>
    </datafield>
    <datafield tag="563" ind1=" " ind2=" ">
      <subfield code="a">Contemporaine band, leer over houten platten, blindgestempeld met ruitpatroon van diagonale tripellijnen in een door tripellijnen gevormd rechthoekig kader, resten van twee koperen klampsluitingen, leeshulpen, rug is vernieuwd.</subfield>
    </datafield>
    <datafield tag="581" ind1=" " ind2=" ">
      <subfield code="a">[P.A. Tiele], Catalogus codicum manu scriptorum Bibliothecae Universitatis Rheno-Trajectinae. I. Trajecti ad Rhenum / Hagae Comitis 1887. p. 51-52.</subfield>
    </datafield>
    <datafield tag="581" ind1=" " ind2=" ">
      <subfield code="a">[A. Hulshof], Catalogus codicum manu scriptorum Bibliothecae Universitatis Rheno-Traiectinae. II. Traiecti ad Rhenum 1909. p. 19, 274.</subfield>
    </datafield>
    <datafield tag="581" ind1=" " ind2=" ">
      <subfield code="a">J.P. Gumbert, Die Utrechter Kartäuser und ihre Bücher im frühen fünfzehnten Jahrhundert. Leiden 1974. p. 290.</subfield>
    </datafield>
    <datafield tag="581" ind1=" " ind2=" ">
      <subfield code="a">J. Gumbert, 'Handschriften in de bibliotheek van het Paulusklooster', in: De nalatenschap van de Paulusabdij in Utrecht. Red. H. van Engen en K. van Vliet. Hilversum 2012, p. [91]-102 (= Middeleeuwse studies en bronnen 130). p. 95.</subfield>
    </datafield>
    <datafield tag="581" ind1=" " ind2=" ">
      <subfield code="a">B. Jaski, 'Een codicologische queeste naar de oudste handschriften en handschriftfragmenten uit de bibliotheek van de Paulusabdij', in: De nalatenschap van de Paulusabdij in Utrecht. Red. H. van Engen &amp; K. van Vliet. Hilversum 2012, p. 103-169 (= Middeleeuwse studies en bronnen 130). p. 151, 164.</subfield>
    </datafield>
    <datafield tag="581" ind1=" " ind2=" ">
      <subfield code="a">A.D. Menut, 'A provisional bibliography of Oresme's writings', in: Medieval studies 28 (1966), p. 279-299. (cf. Scriptorium 26 (1972), p. 206, nr. 392). p. 279-299.</subfield>
    </datafield>
    <datafield tag="581" ind1=" " ind2=" ">
      <subfield code="a">Handschriften en oude drukken van de Utrechtse Universiteitsbibliotheek. Catalogus bij de tentoonstelling in het Centraal Museum te Utrecht ter gelegenheid van het 400-jarig bestaan van de bibliotheek der Rijksuniversiteit, 1584-1984. Utrecht 1984. p. 107.</subfield>
    </datafield>
    <datafield tag="655" ind1=" " ind2="7">
      <subfield code="a">Handschriften (vorm)</subfield>
      <subfield code="0">(NL-LeOCL)088143309.</subfield>
      <subfield code="2">gtt</subfield>
    </datafield>
    <datafield tag="700" ind1="0" ind2=" ">
      <subfield code="a">Bonaventura,</subfield>
      <subfield code="c">Pseudo-</subfield>
    </datafield>
    <datafield tag="710" ind1="2" ind2=" ">
      <subfield code="a">Benedictijner-Abdij van S. Paulus (Utrecht)</subfield>
      <subfield code="e">former owner.</subfield>
      <subfield code="4">fmo</subfield>
      <subfield code="5">NL-UtRU</subfield>
    </datafield>
    <datafield tag="856" ind1="4" ind2="1">
      <subfield code="u">http://objects.library.uu.nl/reader/resolver.php?obj=002324952&amp;type=2</subfield>
      <subfield code="x">Online</subfield>
      <subfield code="z">Full Text</subfield>
    </datafield>
    <datafield tag="936" ind1=" " ind2=" ">
      <subfield code="a">BATCHLOAD</subfield>
    </datafield>
  </record>